Statistics for Top Halloween Candy by State

Click here to take the quiz!

General Stats

  • This quiz has been taken 616 times
  • The average score is 25 of 51

Answer Stats

StateAnswer% Correct
OklahomaSnickers
81%
ArizonaSnickers
81%
VirginiaSnickers
81%
New HampshireSnickers
81%
WyomingReese's Cups
76%
IowaReese's Cups
76%
KansasReese's Cups
76%
OregonReese's Cups
76%
FloridaSkittles
73%
HawaiiSkittles
73%
New JerseySkittles
73%
PennsylvaniaM&M's
68%
North CarolinaM&M's
68%
CaliforniaM&M's
68%
District of ColumbiaM&M's
68%
MarylandMilky Way
65%
VermontMilky Way
65%
MissouriMilky Way
65%
ColoradoMilky Way
65%
AlaskaTwix
65%
AlabamaCandy Corn
55%
IdahoCandy Corn
55%
MichiganCandy Corn
55%
South CarolinaCandy Corn
55%
Rhode IslandCandy Corn
55%
New MexicoCandy Corn
55%
ConnecticutAlmond Joy
47%
Mississippi3 Musketeers
45%
TexasStarburst
45%
South DakotaStarburst
45%
WisconsinStarburst
45%
MaineSour Patch Kids
39%
New YorkSour Patch Kids
39%
IllinoisSour Patch Kids
39%
NebrasksSour Patch Kids
39%
MassachusettsSour Patch Kids
39%
UtahJolly Ranchers
34%
ArkansasJolly Ranchers
34%
WashingtonTootsie Pops
24%
MinnesotaTootsie Pops
24%
TennesseeTootsie Pops
24%
KentuckyTootsie Pops
24%
NevadaHershey Kisses
23%
GeorgiaSwedish Fish
21%
DelawareLife Savers
14%
OhioBlow Pops
12%
West VirginiaBlow Pops
12%
North DakotaHot Tamales
12%
IndianaHot Tamales
12%
LouisianaLemonheads
11%
MontanaDubble Bubble Gum
5%

Score Distribution

Percentile by Number Answered

Percent of People with Each Score

Your Score History

You have not taken this quiz